La tristeza del quijote
Saved in:
| Hovedforfatter: | |
|---|---|
| Format: | Bog |
| Sprog: | spansk |
| Udgivet: |
Madrid
L. Williams
1905
|
| Serier: | Biblioteca Nacional y Extranjera
|
| Fag: | |
| Tags: |
Tilføj Tag
Ingen Tags, Vær først til at tagge denne postø!
|
MARC
| LEADER | 00000nam a2200000 a 4500 | ||
|---|---|---|---|
| 001 | UCZ1644 | ||
| 003 | CL-VaPUC | ||
| 008 | 950831e19050000SP |||||||||||||||||spa|d | ||
| 082 | 0 | 4 | |a 863.09 |b MAR |2 21 |
| 100 | |a Martínez Sierra, Gregorio |e autor |9 371594 | ||
| 245 | 1 | 3 | |a La tristeza del quijote |
| 300 | |a 28 p | ||
| 942 | |c BK | ||
| 945 | |d 19950831 00:00:00 |a rbrito | ||
| 260 | |a Madrid |b L. Williams |c 1905 | ||
| 600 | 0 | |a Cervantes y Saavedra, Miguel de |9 267947 | |
| 650 | 7 | |a NOVELA ESPAÑOLA |2 CL-VaPUC |9 313139 | |
| 650 | 0 | |a Crítica e interpretación |9 255042 | |
| 583 | |a last modification |c 19950831 00:00:00 |k Rodrigo Vera | ||
| 490 | 0 | |a Biblioteca Nacional y Extranjera | |
| 999 | |c 238363 |d 238361 | ||
| 952 | |0 0 |1 0 |4 0 |6 863_090000000000000_MAR_1905 |7 0 |8 A |9 248520 |a BIBEDU |b BIBEDU |d 2019-11-18 |i 3106489 |o 863.09 MAR 1905 |p 3106489 |r 2019-11-18 |w 2019-11-18 |y BK |k LIT | ||